Las maravillas de la vegetación / (Record no. 158775)

MARC details
000 -LEADER
campo de control de longitud fija 00905nam a2200241 i 4500
001 - NÚMERO DE CONTROL
campo de control 158775
003 - IDENTIFICADOR DE NÚMERO DE CONTROL
campo de control ES-MaACL
005 - FECHA Y HORA DE LA ÚLTIMA TRANSACCIÓN
campo de control 20250724100830.0
008 - DATOS DE LONGITUD FIJA--INFORMACIÓN GENERAL
campo de control de longitud fija 000609q1875 sp |||| | spa d
080 ## - NÚMERO DE LA CLASIFICACIÓN DECIMAL UNIVERSAL
Número de la Clasificación Decimal Universal 582.3/.9
100 1# - ENTRADA PRINCIPAL--NOMBRE DE PERSONA
Nombre de persona Marion, Fulgence.
9 (RLIN) 129506
245 14 - MENCIÓN DEL TÍTULO
Título Las maravillas de la vegetación /
Mención de responsabilidad, etc. por Fulgencio Marion ; traducción de Manuel Aranda y Sanjuán.
250 ## - MENCION DE EDICION
Mención de edición Ed. ilustrada con 18 grabados.
260 ## - PUBLICACIÓN, DISTRIBUCIÓN, ETC.
Lugar de publicación, distribución, etc. Barcelona :
Nombre del editor, distribuidor, etc. Trilla y Serra,
Fecha de publicación, distribución, etc. [ca. 1875]
300 ## - DESCRIPCIÓN FÍSICA
Extensión 63 p. :
Otras características físicas il. ;
Dimensiones 29 cm.
490 1# - MENCIÓN DE SERIE
Mención de serie Biblioteca de las maravillas
596 ## - NOTA AL PIE DE IMPRENTA
NOTA AL PIE DE IMPRENTA Según el Cat. Col. del s.XIX, Trilla y Serra editó entre 1875 y 1882.
650 #7 - PUNTO DE ACCESO ADICIONAL DE MATERIA--TÉRMINO DE MATERIA
Término de materia o nombre geográfico como elemento de entrada Plantas
Fuente del encabezamiento o término embne
9 (RLIN) 146656
700 1# - ENTRADA AGREGADA--NOMBRE PERSONAL
Nombre de persona Aranda y Sanjuán, Manuel,
Fechas asociadas al nombre 1845-1900
9 (RLIN) 22295
830 1# - PUNTO DE ACCESO ADICIONAL DE SERIE-TÍTULO UNIFORME
Título uniforme Biblioteca de las maravillas
9 (RLIN) 182500
852 4# - LOCALIZACIÓN
Ubicación ES-MaACL
Número de control de estantería Fol-Laf-45
Nota libre - Legado Modesto Lafuente
Holdings
Estatus retirado Estado de pérdida Estado de daño No para préstamo Colección Biblioteca de origen Biblioteca actual Ubicación en estantería Fecha de adquisición Fuente de adquisición Total de préstamos Signatura topográfica completa Código de barras Visto por última vez Precio de reemplazo Tipo de ítem Koha
        Colección de folletos Biblioteca del Ateneo de Madrid Biblioteca del Ateneo de Madrid Depósito folletos 17/01/2008     Fol-Laf-45 1166187 23/02/2023 23/02/2023 Folleto